| 000 | 00397nam a22001697a 4500 | ||
|---|---|---|---|
| 003 | OSt | ||
| 005 | 20220224143639.0 | ||
| 008 | 220209b |||||||| |||| 00| 0 eng d | ||
| 020 | _a9780071221092 | ||
| 040 | _cHU | ||
| 082 | _a658.403 | ||
| 100 |
_aOBRIEN JAMES _929974 |
||
| 245 | _aMNAGEMENT INFORMETION SYSTEMS | ||
| 260 |
_aAMERICA _bLONDON _c2011 |
||
| 300 | _a704 | ||
| 942 |
_2ddc _cBOOKS _n0 |
||
| 999 |
_c29660 _d29660 |
||